000 00805nas1a22002291i 4500
001 RU\NLR\INFOCOMM29\5000539747
005 20260406231140.0
035 _a(NLR Aleph) 002289671
090 _a4121062
_c4121062
100 _a20050818a20029999|||y0rusy50 ca
101 0 _arus
102 _aRU
110 _aahuzz 0|y|
200 1 _aВестник защиты прав потребителей
_fМеждунар. конфедерация о-в потребителей
210 _aМ.
_cМАКС Пресс
_d2002 -
712 0 2 _4570
_aМеждународная конфедерация обществ потребителей
_3RU\NLR\AUTH\889983561
_9462941
801 1 _aRU
_bInfoComm
_c20050818
801 0 _aRU
_bNLR
_gPSBO
852 _aNLR
_jП22/7760
942 _cJOURNAL
980 _aRUSPER